000 00658nam a2200241Ia 4500
008 160319s9999 xx 000 0 und d
020 _a971-23-2704-3
050 _aFIL GV 436
050 _b.O93 2000 c.1
100 _aOyco, Virginia D.
245 _aPhysical fitness :
245 _bfor college freshmen /
245 _cVirginia D. Oyco.
260 _aManila :
260 _bRex Book Store, Inc.,
260 _c2000
300 _a131 pages :
300 _billustrations ;
300 _c22 cm.
500 _aIncludes bibliographical references.
650 _aPhysical education and training -- Philippines.
650 _xPhysical fitness.
999 _c291956
_d291956